| 000 | 00000nas 2200000za 4500 |
| 001 | 9.826742 |
| 003 | CaOODSP |
| 005 | 20221107144642 |
| 007 | cr ||||||||||| |
| 008 | 161101d19261938oncar p oss f0###a0eng|d |
| 040 | |aCaOODSP|beng |
| 043 | |an-cn--- |
| 086 | 1 |aCS41-210E-PDF |
| 245 | 04|aThe castings and forgings industry in Canada |h[electronic resource]. |
| 246 | 1 |iAt head of caption title:|aIron and steel and their products|f1930-1934 |
| 246 | 1 |iAt head of caption title:|aIron and steel and their products group|f1935-1938 |
| 260 | |aOttawa : |bDominion Bureau of Statistics, Mining, Metallurgical and Chemical Branch, |c[1927?]-1940. |
| 310 | |aAnnual |
| 362 | 0 |a1926-1938. |
| 500 | |aDigitized edition from print [produced by Statistics Canada]. |
| 500 | |aIssues for 1935-1938 published in series: Annual industry report. |
| 515 | |aIssue for 1933 not published. |
| 520 | |aSummary statistics of the castings and forgings industry in Canada, including number of plants, operating costs, number of employees, salaries, cost of fuel and electricity, cost of materials and value of products. |
| 692 | 07|2gccst|aManufacturing industry |
| 692 | 07|2gccst|aStatistics |
| 710 | 1 |aCanada. |bDominion Bureau of Statistics. |bMining, Metallurgical and Chemical Branch. |
| 785 | 00|tThe iron castings industry in Canada |w(CaOODSP)9.826743 |